Документы и материалы международной научно-практической конференции " Законодательная и представительная власть: история и современность": Санкт-Петербург, 19-20 апреля 2001 года

Bibliographic Details
Corporate Authors: Законодательная и представительная власть: история и современность, Российская Федерация Федеральное собрание Государственная Дума
Summary:К 95-летию начала работы I Государственной думы России
Language:Russian
Published: Москва, Издание Государственной Думы, 2001
Subjects:
Format: Book
KOHA link:https://koha.lib.tpu.ru/cgi-bin/koha/opac-detail.pl?biblionumber=37868

MARC

LEADER 00000nam0a2200000 4500
001 37868
005 20231101210447.0
035 |a (RuTPU)RU\TPU\book\38461 
090 |a 37868 
100 |a 20020131d2001 k y0rusy50 ca 
101 0 |a rus 
102 |a RU 
105 |a y z 111zy 
200 1 |a Документы и материалы международной научно-практической конференции " Законодательная и представительная власть: история и современность"  |e Санкт-Петербург, 19-20 апреля 2001 года  |f Федеральное собрание РФ. Государственная Дума 
210 |a Москва  |c Издание Государственной Думы  |d 2001 
215 |a 318 с. 
300 |a К 95-летию начала работы I Государственной думы России 
320 |a Публикации к 95-летию I Государственной думы России: с. 317-318. 
610 1 |a право 
610 1 |a государство 
610 1 |a история 
610 1 |a 20 век 
610 1 |a государственная власть 
610 1 |a Россия 
610 1 |a Государственная Дума 
610 1 |a парламентаризм 
610 1 |a конференции 
686 |a Х620.6л0  |v LBC/SL-A  |2 rubbk 
686 |a Х2(2)5л0  |v LBC/SL-A  |2 rubbk 
712 1 2 |a Законодательная и представительная власть: история и современность  |c Международная научно-практическая конференция  |e Санкт-Петербург  |f 2001 
712 0 1 |a Российская Федерация  |b Федеральное собрание  |b Государственная Дума  |2 stltpush  |3 (RuTPU)RU\TPU\col\29  |9 23138 
801 1 |a RU  |b 63413507  |c 20020131  |g PSBO 
801 2 |a RU  |b 63413507  |c 20180910  |g PSBO 
942 |c BK